|
|
|
|
| LEADER |
01200nam 22003012a 4500 |
| 001 |
000852029 |
| 003 |
CZ BrMZK |
| 005 |
20070524140042.0 |
| 007 |
ta |
| 008 |
041214s1901 xr af |||||||| ||cze d |
| 015 |
|
|
|a cnb000635808
|
| 035 |
|
|
|a (OCoLC)85486825
|
| 040 |
|
|
|a ABA001
|b cze
|c ABA001
|d BOA001
|
| 100 |
1 |
|
|a Tyrš, Miroslav,
|d 1832-1884
|7 jk01140585
|4 aut
|
| 245 |
1 |
0 |
|a Úvahy a pojednání o umění výtvarném.
|n Díl I /
|c Miroslav Tyrš ; poř. R. Tyršová
|
| 260 |
|
|
|a Praha :
|b Tělocvičná jednota Sokol,
|c 1901
|
| 300 |
|
|
|a 186 s. :
|b obr. ;
|c lex. 8°
|
| 490 |
1 |
|
|a Úvahy a řeči dra Miroslava Tyrše
|
| 505 |
0 |
|
|a O Josefu Manesovi -- Život Jaroslava Čermáka a jeho osobnost
|
| 830 |
|
0 |
|a Úvahy a řeči dra Miroslava Tyrše
|
| 910 |
|
|
|a BOA001
|b 2-0039.527,2/1
|
| 990 |
|
|
|a BK
|
| 995 |
|
|
|a 01
|
| 993 |
|
|
|a Y
|
| 991 |
|
|
|b 200705
|
| 996 |
6 |
|
|b 2619238571
|c 2-0039.527,2/1
|y 1938
|l MZK
|r Sklad / do 24 hodin
|n 1
|w 000852029
|u 000030
|a 1
|e BOA001
|j MZK50
|s P
|
| 996 |
6 |
|
|b 2619238572
|c 2-0039.527,2/1
|y 1938
|l MZK
|r Sklad / do 24 hodin
|n 0
|w 000852029
|u 000020
|a 1
|e BOA001
|j MZK50
|s P
|
| 996 |
6 |
|
|b 2619238573
|c 2-0039.527,2/1
|y 1938
|l MZK
|r Sklad / do 24 hodin
|n 3
|w 000852029
|u 000010
|a 1
|e BOA001
|j MZK50
|s P
|